000 00656nam a2200217 i 4500
001 41928
003 ES-MaACL
005 20251005063037.0
007 t|
008 030312s1959 sp ||||1| cat d
080 _a914.671.1
100 1 _aCasas, Joaquim,
_d1911-
_9150690
245 1 3 _aEl Maresme /
_cJoaquím Casas.
250 _a[1ª ed.].
260 _aBarcelona :
_bAlberti,
_c[1959] (
_eGirona :
_fIndustries Litografiques)
300 _a203 p., 1 map. pleg., 8 lám. ;
_c19 cm.
490 1 _aComarques de Catalunya
830 0 _aComarques de Catalunya
_9229809
852 _aES-MaACL
_jC-18033
_bR.45957
999 _c41928
_d41928